[Event "Olympiad-45"]
[Site "Budapest"]
[Date "2024.09.22"]
[Round "11.1"]
[White "Kim, Sanker"]
[Black "Tan, Santiago Jr"]
[Result "1/2-1/2"]
[WhiteElo "1560"]
[BlackElo "1903"]
[PlyCount "71"]
[EventDate "2024.09.11"]
[EventType "team-swiss"]
[EventRounds "11"]
[EventCountry "HUN"]
[SourceTitle "EXT 2025"]
[Source "ChessBase"]
[SourceDate "2024.10.14"]
[SourceVersion "1"]
[SourceVersionDate "2024.10.14"]
[SourceQuality "1"]
[WhiteTeam "Cambodia"]
[BlackTeam "Palau"]
[WhiteTeamCountry "CMB"]
[BlackTeamCountry "PAL"]

1. d4 g6 2. c4 d5 3. cxd5 Bg7 4. Nc3 c6 5. e4 cxd5 6. e5 a6 7. h3 Nc6 8. Nf3 e6 9. Bd3 Nge7 10. 0-0 b5 11. a3 Bb7 12. b4 Rc8 13. Bd2 Qb6 14. Rc1 0-0 15. Be3 Na7 16. Qd2 Rc7 17. Bh6 Rfc8 18. Bxg7 Kxg7 19. Qg5 Ng8 20. Ne2 h6 21. Qf4 Bc6 22. Ng3 Be8 23. h4 Rxc1 24. Rxc1 Rxc1+ 25. Qxc1 a5 26. h5 axb4 27. axb4 Nc6 28. Qb2 Qa6 29. hxg6 fxg6 30. Ne1 Qa4 31. Nc2 h5 32. Ne2 Qa6 33. Qa3 Qb7 34. Nc3 Na7 35. Qa5 Ne7 36. Qa3 1/2-1/2

[Event "Olympiad-45"]
[Site "Budapest"]
[Date "2024.09.21"]
[Round "10.1"]
[White "Sihlongonyane, Sikhanyiso"]
[Black "Kim, Sanker"]
[Result "1-0"]
[WhiteElo "1813"]
[BlackElo "1560"]
[PlyCount "103"]
[EventDate "2024.09.11"]
[EventType "team-swiss"]
[EventRounds "11"]
[EventCountry "HUN"]
[SourceTitle "EXT 2025"]
[Source "ChessBase"]
[SourceDate "2024.10.14"]
[SourceVersion "1"]
[SourceVersionDate "2024.10.14"]
[SourceQuality "1"]
[WhiteTeam "Eswatini"]
[BlackTeam "Cambodia"]
[BlackTeamCountry "CMB"]

1. e4 Nc6 2. Nf3 e5 3. Bb5 a6 4. Ba4 Nf6 5. 0-0 d6 6. c3 b5 7. Bc2 Bg4 8. h3 Bh5 9. Re1 Be7 10. d3 h6 11. Nbd2 0-0 12. Nf1 Qd7 13. Ng3 Bg6 14. Nh4 Bh7 15. Nhf5 Bd8 16. Be3 Ne7 17. Qf3 Nxf5 18. Nxf5 Bxf5 19. exf5 d5 20. Rad1 c6 21. Bc1 Bc7 22. g4 Nh7 23. h4 f6 24. Kg2 Rfe8 25. Qh3 Qe7 26. Rh1 Rad8 27. Rdg1 c5 28. Kf1 Rd6 29. g5 h5 30. g6 Nf8 31. Qf3 e4 32. dxe4 dxe4 33. Qxh5 Rd5 34. Rg4 Qd7 35. Rxe4 Rxf5 36. Qe2 Rxe4 37. Qxe4 Re5 38. Qf3 Qe6 39. Kg2 Qxa2 40. Be4 Qe6 41. Bc2 Qd5 42. Bf4 Qxf3+ 43. Kxf3 Re7 44. Bxc7 Rxc7 45. Rd1 Rd7 46. Re1 a5 47. Re8 Rd5 48. Be4 Re5 49. Rd8 a4 50. Bc6 c4 51. Be8 Rf5+ 52. Kg2 1-0

[Event "Olympiad-45"]
[Site "Budapest"]
[Date "2024.09.12"]
[Round "2.89"]
[White "Kim, Sanker"]
[Black "Giasi, Viresh"]
[Result "0-1"]
[WhiteElo "1564"]
[BlackElo "1998"]
[PlyCount "82"]
[EventDate "2024.09.11"]
[EventType "team-swiss"]
[EventRounds "11"]
[EventCountry "HUN"]
[SourceTitle "EXT 2025"]
[Source "ChessBase"]
[SourceDate "2024.10.14"]
[SourceVersion "1"]
[SourceVersionDate "2024.10.14"]
[SourceQuality "1"]
[WhiteTeam "Cambodia"]
[BlackTeam "Suriname"]
[WhiteTeamCountry "CMB"]
[BlackTeamCountry "SUR"]

1. e4 c5 2. Nf3 e6 3. Be2 Nc6 4. 0-0 Nge7 5. Nc3 a6 6. d3 d5 7. exd5 Nxd5 8. Ne4 Be7 9. c4 Nf6 10. Nfg5 h6 11. Nxf6+ gxf6 12. Ne4 f5 13. Ng3 Bf6 14. Nh5 Bd4 15. Rb1 Qd6 16. Be3 Bd7 17. b4 cxb4 18. Bxd4 Qxd4 19. a3 a5 20. Bf3 Rb8 21. a4 Kd8 22. Ng3 Ne5 23. Kh1 Qxd3 24. Qxd3 Nxd3 25. Ra1 Ke7 26. Ra2 Rhc8 27. Be2 Nf4 28. Rc1 Bc6 29. Bf1 Rd8 30. Ne2 Nd3 31. Rb1 Nxf2+ 32. Kg1 Ne4 33. Rbb2 Rd1 34. Ng3 Nc3 35. Rd2 Rd8 36. Rxd8 Kxd8 37. Rb2 Bxa4 38. Kf2 Kc7 39. Be2 Bc6 40. Rc2 Rd4 41. Bf1 a4 0-1

[Event "Olympiad-45"]
[Site "Budapest"]
[Date "2024.09.11"]
[Round "1.86"]
[White "Karimov, Alisher"]
[Black "Kim, Sanker"]
[Result "1-0"]
[WhiteElo "2240"]
[BlackElo "1564"]
[PlyCount "91"]
[EventDate "2024.09.11"]
[EventType "team-swiss"]
[EventRounds "11"]
[EventCountry "HUN"]
[SourceTitle "EXT 2025"]
[Source "ChessBase"]
[SourceDate "2024.10.14"]
[SourceVersion "1"]
[SourceVersionDate "2024.10.14"]
[SourceQuality "1"]
[WhiteTeam "Tajikistan"]
[BlackTeam "Cambodia"]
[WhiteTeamCountry "TJK"]
[BlackTeamCountry "CMB"]

1. Nf3 d5 2. c4 dxc4 3. Qa4+ Nc6 4. Qxc4 Nf6 5. g3 e5 6. Bg2 Be7 7. 0-0 0-0 8. Nc3 Be6 9. Qa4 Qc8 10. d3 Bh3 11. Bg5 Bxg2 12. Kxg2 Re8 13. Rac1 Nd7 14. Bxe7 Rxe7 15. Qh4 Re6 16. Nd5 h6 17. Rxc6 bxc6 18. Ne7+ Rxe7 19. Qxe7 Qe8 20. Qxe8+ Rxe8 21. Rc1 Re6 22. Rc4 c5 23. Ra4 a6 24. Nd2 f5 25. Nc4 e4 26. Ra3 exd3 27. Rxd3 Nb6 28. Ne3 g6 29. Rc3 Na4 30. Rc2 Rc6 31. Nd5 Kf7 32. b3 Nb6 33. Nb4 Re6 34. Nxa6 Nd5 35. Nxc5 Rc6 36. a3 Nf6 37. b4 Nd7 38. f3 Nxc5 39. Rxc5 Rxc5 40. bxc5 Ke6 41. e4 fxe4 42. fxe4 Ke5 43. a4 Kxe4 44. a5 Kd5 45. a6 Kc6 46. Kf3 1-0